| 000 | 00665nam a22002057a 4500 | ||
|---|---|---|---|
| 003 | OSt | ||
| 005 | 20140310183103.0 | ||
| 008 | 130304t xxu||||| |||| 00| 0 eng d | ||
| 020 | _a9789718211557 | ||
| 050 |
_aPL6061 _b .V713 .2009 |
||
| 082 |
_aF899.211 _bV713 2009 |
||
| 245 |
_aPanitikan ng Pilipinas : _bhistorikal at antolohikal na pagtalakay _cPatrocinio V. Villafuerte, Rolando A. Bernales ; kasama sina Norma R. Abesamis, ... [et al.] |
||
| 260 |
_aMalabon City : _bMutya Publishing House, _cc2009 |
||
| 300 |
_a339 p. _c25.3 cm. |
||
| 521 | _acollege students | ||
| 526 | _c1210L-1700L | ||
| 541 | _j1 | ||
| 562 | _e1 | ||
| 942 |
_2lcc _cBK _kFIL |
||
| 999 |
_c18751 _d18751 |
||